000 01035nam a2200289 4500
003 EG-GICUC
005 20260404132543.0
008 260404 1982 ua|||||f|||| 00| 0 earadd
040 _a EG-GICUC
_bara
_c EG-GICUC
_d EG-GICUC
_erda
082 0 4 _221
_a343.91
092 0 4 _221
099 _aLaw1 10 343.91 ف ك . ف 1982
100 0 _aعوض محمد
245 1 2 _aدراسات في الفقه الجنائي الاسلامي /
_cعوض محمد.
250 _aالطبعة الأولى
264 1 _aالاسكندرية:
_bدار النجاح للطباعة;
_c1977.
300 _a251 صفحة
_c24 سم
_bإيضاحيات، صور، مثيليات ؛
336 _2rda content
_atext
337 _2rda media
_aComputer
338 _2rda carrier
_aOnline Resource
504 _a. 240-220 ببليوجرافيا: صفحات.
650 1 4 _aالنظام الجنائي الإسلامي
_2qrmak
651 1 _2qrmak
856 4 0 _uhttps://fll.law.cu.edu.eg/fulltext/bks/B10-08392.pdf
905 _a17
942 _2ddc
_n0
_cBK
_e21
999 _c68570
_d68570